00720nam a2200169Ia 4500008004100000100001300041245015600054245009500210260003000305260000900335300001200344650001800356650001500374856006900389999001900458952007300477170221s9999 xx 000 0 und d aS. Oudji aRadiofrequency Interconnection between Smart Grid and Smart Meters Using KNX-RF and 2.4 GHz Standard Protocols for Efficient Home Automation Applicati  cS. Oudji, S. Courrè€ges, J.N. Paillard, P. Magneron, V. Meghdadi, C. Brauers, and R. Kays bJournal of Communications c2015 a10 : 10 xCommunication xMedia Arts uhttp://www.jocm.us/index.php?m=content&c=index&a=lists&catid=152 c307091d307091 001040aCLbCLd2017-02-21l0r2017-02-21 00:00:00w2017-02-21yFOJ